|
|
|
|
| LEADER |
00000nab a2200000uu 4500 |
| 001 |
vtls011521768 |
| 003 |
SK-MaSNL |
| 005 |
20260303181341.0 |
| 008 |
230704|1968 xo |||||||||||||||||cze| |
| 015 |
|
|
|a SNBRB
|
| 035 |
|
|
|a (urnnbn)urn:nbn:sk:snk:ar-0022zi
|
| 035 |
|
|
|a (uuid)ac557b96-a51f-49d2-a5f5-0361741d0381
|
| 035 |
|
|
|a urn:nbn:sk:snk-abe9xh
|
| 040 |
|
|
|a SNKBUCL
|b slo
|c SNKBUCL
|e AACR2
|
| 041 |
0 |
|
|a cze
|
| 044 |
|
|
|a xo
|c SK
|
| 100 |
1 |
|
|a Hašek, Jaroslav,
|d 1883-1923
|4 aut
|9 98754
|
| 245 |
1 |
0 |
|a Agrární idyla
|c Jaroslav Hašek
|
| 655 |
|
7 |
|a české prózy
|2 SNKPH
|9 70754
|
| 773 |
0 |
|
|t Slovenské pohľady
|g Roč. 84, č. 3 (1968), s. 53
|
| 850 |
|
|
|a Slovenská národná knižnica
|
| 852 |
|
|
|a Slovenská národná knižnica
|
| 954 |
|
|
|a beletria cudzojazyčná (svetová)
|2 lita
|
| 958 |
|
|
|a OND
|
| 958 |
|
|
|a EUIPO
|
| 958 |
|
|
|a article21
|
| 999 |
|
|
|c 2111321
|d 2113251
|